000 nam a22 7a 4500
999 _c8160
_d8160
008 171204b xxu||||| |||| 00| 0 eng d
100 _aKohli Narendra
_94595
245 _aSwami Vivekanantha
260 _aNew Delhi
_bNational Book trust
_c2009